La prueba testifical : del subjetivismo al objetivismo, de aislamiento científico al diálogo con la psicología y la epistemología /

Guardado en:
Autor Principal: De Paula Ramos, Vitor.
Otros Autores: Ferrer Beltrán, Jordi, (prol.), Criado, Sánchez, Laura, (trad.), Mitidiero, Daniel, (pres.)
Formato: Libro
Idioma:Undetermined
Publicado: Madrid : Marcial Pons, 2019.
Edición:1a. ed.
Series:Filosofía y Derecho
Materias:
Etiquetas: Agregar Etiqueta
Sin Etiquetas, Sea el primero en etiquetar este registro!
LEADER 00856nam a22002415a 4500
001 DER.der014830
008 230911s2019####sp############000#0#und#d
005 20230919174020.0
245 1 0 |a La prueba testifical :  |b del subjetivismo al objetivismo, de aislamiento científico al diálogo con la psicología y la epistemología /  |c Vitor De Paula Ramos. 
250 |a 1a. ed. 
260 |a Madrid :  |b Marcial Pons,  |c 2019. 
300 |a 196 p. 
490 1 |a Filosofía y Derecho 
020 |a 9788491236399 
100 1 |a De Paula Ramos, Vitor. 
700 1 |a Ferrer Beltrán, Jordi,  |e prol. 
700 1 |a Criado, Sánchez, Laura,  |e trad. 
700 1 |a Mitidiero, Daniel,  |e pres. 
650 7 |a RAZONAMIENTO PROBATORIO 
650 7 |a TESTIMONIO JURIDICO 
650 7 |a MEDIOS DE PRUEBA 
650 7 |a PSICOLOGÍA EXPERIMENTAL 
859 |a DERECHO  |b BIB. DERECHO  |h 340.1  |i PAU  |p 0010216